| 000 | 00546nam a2200181 4500 | ||
|---|---|---|---|
| 001 | 126229 | ||
| 003 | ES-MaACL | ||
| 005 | 20250905123716.0 | ||
| 007 | t| | ||
| 008 | 070214s1931 sp r ||||1| spa d | ||
| 100 | 1 |
_aRemarque, Erich Maria. _996115 |
|
| 245 | 1 | 0 |
_aDespués _b: novela / _cErich Maria Remarque ; traducción directa del alemán por W. Roces. |
| 260 |
_aMadrid : _bCenit, _c1931. |
||
| 300 |
_a298 p. ; _c20 x 13 cm. |
||
| 700 | 1 |
_aRoces, Wenceslao, _d1897-1992 _998039 |
|
| 852 |
_aES-MaACL _jA-542 |
||
| 999 |
_c126229 _d126229 |
||